Science and technology in Nigeria
Salvato in:
| Autore principale: | |
|---|---|
| Natura: | Libro |
| Lingua: | inglese |
| Pubblicazione: |
Barloz Publishers
2004
|
| Tags: |
Aggiungi Tag
Nessun Tag, puoi essere il primo ad aggiungerne!!
|
MARC
| LEADER | 00000nam a22000007a 4500 | ||
|---|---|---|---|
| 008 | 240606b |||||||| |||| 00| 0 eng d | ||
| 020 | |a 9783499115 | ||
| 100 | |a KALU Dike N | ||
| 245 | |a Science and technology in Nigeria |c /Dike N,Kalu |g x,124p;ill | ||
| 250 | |b 2nd | ||
| 260 | |b Barloz Publishers |c 2004 |i Owerri, Nigeria |l Q127.N54K12 |m Science-Nigeria |m Technology-Nigeria |m Science and state--Nigeria. | ||
| 500 | |a Includes bibliographical references and index | ||
| 942 | |a lcc |c BK |e Johnson |f 06/06/24 | ||
| 952 | |0 0 |1 0 |2 lcc |4 0 |6 Q0127 N54 K12 |7 0 |9 5229 |a SL |b HOL |c QZ |d 2024-06-06 |l 0 |o Q127.N54K12 |p 2024-0474 |r 2024-06-06 00:00:00 |t 702821 |w 2024-06-06 |y BK | ||
| 952 | |0 0 |1 0 |2 lcc |4 0 |6 Q0127 N54 K12 |7 0 |9 5230 |a SL |b HOL |c QZ |d 2024-06-06 |l 0 |o Q127.N54K12 |p 2024-0475 |r 2024-06-06 00:00:00 |t 702822 |w 2024-06-06 |y BK | ||
| 952 | |0 0 |1 0 |2 lcc |4 0 |6 Q0127 N54 K12 |7 0 |9 5231 |a SL |b HOL |c QZ |d 2024-06-06 |l 0 |o Q127.N54K12 |p 2024-0476 |r 2024-06-06 00:00:00 |t 702823 |w 2024-06-06 |y BK | ||
| 952 | |0 0 |1 0 |2 lcc |4 0 |6 Q0127 N54 K12 |7 0 |9 5232 |a SL |b HOL |c QZ |d 2024-06-06 |l 0 |o Q127.N54K12 |p 2024-0477 |r 2024-06-06 00:00:00 |t 702824 |w 2024-06-06 |y BK | ||
| 952 | |0 0 |1 0 |2 lcc |4 0 |6 Q0127 N54 K12 |7 0 |9 5233 |a SL |b HOL |c QZ |d 2024-06-06 |l 0 |o Q127.N54K12 |p 2024-0478 |r 2024-06-06 00:00:00 |t 702825 |w 2024-06-06 |y BK | ||
| 952 | |0 0 |1 0 |2 lcc |4 0 |6 Q0127 N54 K12 |7 0 |9 5234 |a HOL |b HOL |c QZ |d 2024-06-06 |l 0 |o Q127.N54K12 |p 2024-0479 |r 2024-06-06 00:00:00 |t 702826 |w 2024-06-06 |y BK | ||
| 952 | |0 0 |1 0 |2 lcc |4 0 |6 Q0127 N54 K12 |7 0 |9 5235 |a HOL |b HOL |c QZ |d 2024-06-06 |l 0 |o Q127.N54K12 |p 2024-0480 |r 2024-06-06 00:00:00 |t 702827 |w 2024-06-06 |y BK | ||
| 952 | |0 0 |1 0 |2 lcc |4 0 |6 Q0127 N54 K12 |7 0 |9 5236 |a HOL |b HOL |c QZ |d 2024-06-06 |l 0 |o Q127.N54K12 |p 2024-0481 |r 2024-06-06 00:00:00 |t 702828 |w 2024-06-06 |y BK | ||
| 952 | |0 0 |1 0 |2 lcc |4 0 |6 Q0127 N54 K12 |7 0 |9 5237 |a HOL |b HOL |c QZ |d 2024-06-06 |l 0 |o Q127.N54K12 |p 2024-0482 |r 2024-06-06 00:00:00 |t 702829 |w 2024-06-06 |y BK | ||
| 999 | |c 2595 |d 2595 | ||